000 01015nam a22002897a 4500
001 5153
003 FISKH
005 20241107160639.0
008 241107b cb ||||| |||| 00| 0 eng d
020 _a9780439026994
040 _aFISKH
_beng
_cFISKH
_dFISKH
050 _aPZ7.C1865
082 _a813.6
100 _aCarbone, Elisa
245 _aBlood on the River :
_bJames Town 1607 /
_cby Elisa Carbone
250 _aFirst Scholastic printing , May 2007
260 _aNew York :
_bScholastic ;
_c2006 .
300 _a237 pages :
_billustrations ;
_c20 cm .
505 _aU
520 _aTraveling to the New World in 1606 as the page to Captain John Smith, twelve-year-old orphan Samuel Collier settles in the new colony of James Town, where he must quickly learn to distinguish between friend and foe.
521 8 _a820
_bLexile
521 8 _aU
_bRaz-Plus
650 _aJamestown
_vFiction
700 _aMclnryre , Kelley
_eBook designer
942 _2ddc
_cBK
_n0
999 _c5153
_d5153